000 00540nam a2200193Ia 4500
005 20250923145653.0
008 008 250917s9999 xx 000 0 eng d
037 _aTextual
040 _aDSWL
_beng
_cDSWL
041 _aeng
_2eng
084 _aW:28x2, N89;1
_qDSWL
245 0 _aPlanning and its implementation
_cEd. by T.N.Chaturvedi
260 _aNew Delhi
_bDelhi I.I.P.A
_c1984
300 _axxxiv,211 p.
365 _aINR
_b90
925 _g90
942 _cTEXL
_hW:28x2, N89;1
999 _c1454168
_d1454168